000 01820nam a2200409 c 4500
003 BLK
005 20240704005337.0
008 180409b bul|||||r ||||||| ||bul||
010 _aKNG00108420000
020 _a954-01-1253-2
_bиздат.: Просвета
040 _aBLK
041 _aBUL
_cBUL
080 _aБългарска литература
_b821.163.2
_x(092)
_z821.163.2(092)
080 _aБългарска литература
_b821.163.2
_x.09
_z821.163.2.09
080 _aБългарски писател, адвокат и общественик (1863-1897)
_b929 Константинов, Алеко Иваницов
_x
_z929 Константинов, Алеко Иваницов
100 1 _aПелева, Инна Иванова
_eпърви автор
_9371213
139 _aПелева, Инна Иванова
_bК 82
245 1 0 _aАлеко Константинов
_bБиография на четенето
_cИнна Иванова Пелева.
257 _aBGR
260 София
_bПросвета
_c2002
_fСофия : Инвестпрес
300 _a430 с.
_c20 см
380 _a82
490 1 _aНова българска критика
500 _aСъдържа и за авт.
650 4 _aБългарска литература - теми, образи, сюжети
_9242409
650 0 _aПисатели, български
_9241944
651 4 _aБългария
_9241624
653 _aАлеко Константинов
653 _aбългарска литература
653 _aлитературна критика
852 _aЦб 216409
856 4 _qpdf
_u
856 4 _qpdf
_u
942 _cKNG
_n0
_01
944 _aCR
_c21.10.2003
_lCRON CRON
_k
944 _aED
_c30.05.2016
_lф /
_kПенка_Димитрова
999 _c103346
_d103346